000 00950cam a2200313 4500
001 ABS62591
008 000000n2000 000 0 eng u
035 _a(Sirsi) u107670
245 _aFocus 2000: Staffordshire and Shropshire
260 _c2000
490 _aEstates Gazette
_v(0030) 29 July 2000, 75-93(9)
590 _aABS
650 _aTELFORD
650 _aPROPERTY-COMMERCIAL PROPERTY-OFFICE PROPERTY-OFFICE PROPERTY MARKET
650 _aPROPERTY-COMMERCIAL PROPERTY-RETAIL PROPERTY-RETAIL PROPERTY MARKET
650 _aINDUSTRIAL MARKET
650 _aSTOKE ON TRENT
650 _aASSISTED AREA STATUS
650 _aSTAFFORDSHIRE
650 _aBURTON UPON TRENT
650 _aSHREWSBURY
650 _aBREWING INDUSTRY
650 _aCALL CENTRES
650 _aE-COMMERCE
650 _aDISTRIBUTION MARKET
650 _aLAND PRICES
690 _aPROPERTY-COMMERCIAL PROPERTY-COMMERCIAL PROPERTY MARKET
942 _n0
999 _c64324
_d64324